000 00518nam a2200181Ia 4500
999 _c20225
_d20225
003 OSt
005 20200629132338.0
008 190216s9999||||xx |||||||||||||| ||und||
020 _a0521234476
040 _coclc
082 _a930
_bBOA/C
100 _aBoardman, John
_93313
245 4 _aThe Cambridge Ancient History /
_cJohn Boardman ; Hammond N G L
250 _a2nd Ed.
260 _bCambridge Uty Press,
_c1982.
_aLondon:
300 _a530p
942 _cBK
_2ddc
_h930
_iBOA/C
_k930
_mBOA/C